[Event "Tourn. n8517"]
[Site "www.chess-mail.com"]
[Date "2015.12.25"]
[Round "1"]
[White "Cathar"]
[Black "Masteratches"]
[WhiteElo "2310"]
[BlackElo "2370"]
[Result "0-1"]
[Round "1"]
1.e4 c5
2.Ng1f3 Nb8c6
3.Bf1b5 d6
4.d4 cxd4
5.Qd1xd4 Bc8d7
6.Bb5xc6 Bd7xc6
7.Nb1c3 h6
8.Bc1e3 e5
9.Qd4d3 Ng8f6
10.O-O-O Bf8e7
11.Kb1 O-O
12.h3 b5
13.Nf3d2 Qd8d7
14.g4 b4
15.Nc3d5 Nf6xd5
16.exd5 Bc6b5
17.Qd3e4 a5
18.Rh1g1 Ra8c8
19.h4 Kh8
20.g5 h5
21.g6 Bb5e2
22.Rd1e1 Be2g4
{ resign }
0-1

[Event "Tourn. n8528"]
[Site "www.chess-mail.com"]
[Date "2015.12.25"]
[Round "1"]
[White "Yangqi"]
[Black "Faerieking"]
[WhiteElo "2600"]
[BlackElo "2260"]
[Result "1-0"]
[Round "1"]
1.d4 Ng8f6
2.Bc1g5 d5
3.Bg5xf6 gxf6
4.e3 c5
5.dxc5 Qd8a5
6.Nb1c3 e6
7.Qd1d4 Bf8e7
8.b4 Qa5c7
9.Nc3b5 Qc7c6
10.Ng1f3 e5
11.Nf3xe5 fxe5
12.Qd4xe5 Rh8g8
13.Nb5c7 Kd8
14.Nc7xa8 Nb8d7
15.Qe5f4 b6
16.Bf1b5 Qc6xa8
17.c6 { resign }
1-0

[Event "Tourn. n8450"]
[Site "www.chess-mail.com"]
[Date "2015.12.25"]
[Round "1"]
[White "Cathar"]
[Black "Wwgia"]
[WhiteElo "2270"]
[BlackElo "2200"]
[Result "1-0"]
[Round "1"]
1.e4 c5
2.Ng1f3 Nb8c6
3.Bf1b5 g6
4.Bb5xc6 dxc6
5.d3 Bf8g7
6.h3 e5
7.Bc1e3 Qd8e7
8.Nb1d2 Ng8f6
9.Nd2c4 Nf6d7
10.Qd1d2 O-O
11.Be3h6 Rf8d8
12.Bh6xg7 Kxg7
13.Nc4e3 Nd7f8
14.O-O-O f6
15.Ne3g4 Bc8e6
16.Qd2h6 Kg8
17.Qh6h4 Be6xg4
18.hxg4 Nf8e6
19.Rh1h2 b5
20.Rd1h1 Rd8d7
21.Qh4h6 c4
22.dxc4 bxc4
23.g5 Ra8b8
24.gxf6 Qe7xf6
25.Qh6h4 Qf6g7
26.Nf3g5 Ne6xg5
27.Qh4xg5 Rd7b7
28.b3 cxb3
29.axb3 Qg7f8
30.Rh2h3 Qf8a3
31.Kb1 a5
32.Qg5xe5 a4
33.Qe5e6 Kh8
34.Rh3xh7 Rb7xh7
35.Qe6e5 { resign }
1-0

[Event "Tourn. n8438"]
[Site "www.chess-mail.com"]
[Date "2015.12.25"]
[Round "1"]
[White "Castletyme"]
[Black "Libiesse"]
[WhiteElo "1880"]
[BlackElo "2040"]
[Result "0-1"]
[Round "1"]
1.e4 c5
2.Ng1f3 e6
3.Nb1c3 Nb8c6
4.d3 a6
5.Bf1e2 Qd8c7
6.O-O g6
7.Bc1g5 Bf8g7
8.Ra1b1 b5
9.Qd1d2 b4
10.Nc3a4 d6
11.c3 Qc7a5
12.Be2d1 Ra8b8
13.d4 bxc3
14.Qd2xc3 cxd4
15.Qc3xa5 Nc6xa5
16.b4 Na5c6
17.a3 Ng8f6
18.Bg5xf6 Bg7xf6
19.Bd1e2 Ke7
20.b5 axb5
21.Rb1xb5 Rb8xb5
22.Be2xb5 Nc6a7
23.Rf1b1 Na7xb5
24.Rb1xb5 Bc8a6
25.Rb5b6 Ba6e2
26.Nf3d2 Rh8c8
27.Rb6b7 Kf8
28.Rb7b1 Rc8c2
29.Nd2f1 Be2d3
30.Na4b6 Bd3xe4
31.Rb1e1 Be4c6
32.Nf1g3 d3
33.Ng3e4 Bc6xe4
{ resign }
0-1

[Event "Tourn. n8486"]
[Site "www.chess-mail.com"]
[Date "2015.12.25"]
[Round "1"]
[White "Mitja"]
[Black "Wwgia"]
[WhiteElo "1960"]
[BlackElo "2230"]
[Result "0-1"]
[Round "1"]
1.d4 Ng8f6
2.e3 g6
3.c3 Bf8g7
4.Ng1f3 d6
5.Nb1d2 O-O
6.Nd2b3 Nb8d7
7.Bf1d3 e5
8.dxe5 dxe5
9.Bd3c2 Qd8e7
10.O-O a5
11.a4 b6
12.Nb3d2 Bc8a6
13.Rf1e1 e4
14.Nd2xe4 Nf6xe4
15.Bc2xe4 Nd7c5
16.Be4xa8 Rf8xa8
17.Qd1c2 Ba6d3
18.Qc2d1 Ra8d8
19.Nf3d4 Bd3c4
20.Qd1c2 Bg7xd4
21.cxd4 Rd8xd4
22.Bc1d2 Rd4e4
23.f3 Bc4b3
24.Qc2c3 Re4c4
{ resign }
0-1

[Event "Tourn. n8482"]
[Site "www.chess-mail.com"]
[Date "2015.12.25"]
[Round "1"]
[White "Geretree"]
[Black "Maredocla"]
[WhiteElo "1950"]
[BlackElo "2040"]
[Result "0-1"]
[Round "1"]
1.e4 c5
2.Ng1f3 Nb8c6
3.d4 cxd4
4.Nf3xd4 d6
5.Nb1c3 g6
6.Nd4xc6 bxc6
7.Bc1e3 Bf8g7
8.Bf1c4 Bg7xc3
9.bxc3 Ng8f6
10.e5 Nf6h5
11.exd6 exd6
12.Qd1f3 d5
13.Bc4d3 O-O
14.O-O Bc8e6
15.Rf1e1 Qd8d7
16.Be3d4 a5
17.Ra1b1 a4
18.a3 Be6g4
19.Qf3e3 Rf8e8
20.Qe3g5 Bg4e6
21.Qg5h6 Qd7c7
22.Bd4e5 Qc7d7
23.Bd3e2 Be6g4
24.Be5d4 Re8xe2
25.f3 Re2xe1
26.Rb1xe1 Bg4e6
27.g4 Be6xg4
28.fxg4 Qd7xg4
29.Kh1 Qg4f3
30.Kg1 c5
31.Re1f1 Qf3g4
32.Kh1 cxd4
33.cxd4 Qg4xd4
34.Qh6g5 Ra8e8
35.Qg5g2 Nh5f4
36.Qg2f3 g5
37.h4 Re8e3
38.Qf3g4 Re3h3
{ resign }
0-1

[Event "Tourn. n8488"]
[Site "www.chess-mail.com"]
[Date "2015.12.25"]
[Round "1"]
[White "Osmundw"]
[Black "Hansen"]
[WhiteElo "1430"]
[BlackElo "1480"]
[Result "0-1"]
[Round "1"]
1.e4 d5
2.exd5 Qd8xd5
3.Nb1c3 Qd5e6
4.Bf1e2 Nb8c6
5.b3 Nc6d4
6.f3 b6
7.d3 b5
8.Nc3e4 Bc8b7
9.Ne4g5 Qe6e5
10.Ng5e4 f5
11.Ne4g5 h6
12.Ng1h3 hxg5
13.Nh3xg5 Rh8h5
14.f4 Qe5xe2
15.Qd1xe2 Nd4xe2
16.Kxe2 Bb7xg2
17.Bc1a3 Ng8f6
18.Ng5h7 Rh5xh7
19.Ba3c5 g6
20.Rh1g1 Rh7xh2
21.a4 Ra8d8
22.Kf2 Bg2d5
23.Rg1g2 Rh2xg2
24.Kf1 Rg2xc2
25.Bc5xa7 Nf6g4
26.axb5 Bd5xb3
27.Ra1a6 Rd8xd3
28.Ra6xg6 Rd3d1
{ resign }
0-1

[Event "Tourn. n8468"]
[Site "www.chess-mail.com"]
[Date "2015.12.25"]
[Round "1"]
[White "Alvarin111"]
[Black "Expert"]
[WhiteElo "1990"]
[BlackElo "1840"]
[Result "1-0"]
[Round "1"]
1.e4 c5
2.c4 Nb8c6
3.Bf1e2 d6
4.Ng1f3 g6
5.d4 cxd4
6.Nf3xd4 Bf8g7
7.Bc1e3 Ng8f6
8.Nb1c3 O-O
9.O-O Bc8d7
10.f4 h5
11.f5 Nc6xd4
12.Be3xd4 Bd7c6
13.Qd1c2 b6
14.fxg6 fxg6
15.e5 dxe5
16.Bd4xe5 Qd8e8
17.Ra1d1 g5
18.Be2d3 Ra8d8
19.Bd3g6 { resign }
1-0

[Event "Tourn. n8502"]
[Site "www.chess-mail.com"]
[Date "2015.12.25"]
[Round "1"]
[White "Bevittsmith"]
[Black "Terrible"]
[WhiteElo "2270"]
[BlackElo "2290"]
[Result "1-0"]
[Round "1"]
1.e4 e5
2.Ng1f3 Nb8c6
3.Bf1b5 Nc6d4
4.Nf3xd4 exd4
5.O-O c6
6.Bb5c4 d6
7.d3 Bc8e6
8.Bc4xe6 fxe6
9.f4 Qd8h4
10.Nb1d2 c5
11.Nd2f3 Qh4h5
12.c3 dxc3
13.Qd1a4 Kd8
14.bxc3 Qh5e8
15.Qa4b3 Qe8d7
16.Nf3g5 d5
17.f5 exf5
18.Qb3xd5 Ng8h6
19.Ng5e6 Kc8
20.Bc1xh6 Qd7xd5
21.exd5 gxh6
22.Rf1xf5 Bf8d6
23.Ra1f1 { resign }
1-0

[Event "Tourn. n8528"]
[Site "www.chess-mail.com"]
[Date "2015.12.25"]
[Round "1"]
[White "Seger"]
[Black "Faerieking"]
[WhiteElo "2760"]
[BlackElo "2270"]
[Result "1-0"]
[Round "1"]
1.e4 d5
2.exd5 Ng8f6
3.d4 Bc8g4
4.Bf1b5 Nb8d7
5.f3 Bg4f5
6.c4 e6
7.g4 Nf6xg4
8.fxg4 Qd8h4
9.Kf1 Bf5xg4
10.Bb5xd7 Kxd7
11.Ng1f3 Qh4h3
12.Kf2 Bf8d6
13.c5 Bg4xf3
14.Qd1xf3 Qh3h4
15.Kg2 Bd6e7
16.d6 Be7f6
17.dxc7 { resign }
1-0

[Event "Tourn. n8438"]
[Site "www.chess-mail.com"]
[Date "2015.12.25"]
[Round "1"]
[White "Lino"]
[Black "Naujzaid"]
[WhiteElo "2099"]
[BlackElo "1900"]
[Result "1-0"]
[Round "1"]
1.e4 c5
2.Ng1f3 d6
3.d4 cxd4
4.Nf3xd4 Ng8f6
5.Nb1c3 e6
6.g4 h6
7.Rh1g1 Nb8c6
8.Bc1e3 d5
9.exd5 Nf6xd5
10.Nc3xd5 Qd8xd5
11.Bf1g2 Qd5a5
12.Qd1d2 Qa5xd2
13.Kxd2 Bc8d7
14.Nd4xc6 Bd7xc6
15.Bg2xc6 bxc6
16.Ke2 c5
17.Ra1d1 Bf8e7
18.c4 Ra8d8
19.Be3f4 f6
20.Rd1xd8 Kxd8
21.Rg1d1 Kc8
22.h3 Rh8d8
23.Rd1xd8 Kxd8
24.Kd3 Kd7
25.Ke4 Kc6
26.Bf4d2 Be7d6
27.Bd2c3 Bd6c7
28.h4 a5
29.b3 Bc7d8
30.h5 Bd8c7
31.f4 Kd7
32.g5 Ke7
33.gxf6 gxf6
34.f5 exf5
35.Kxf5 Kf7
36.Bc3xf6 { resign }
1-0

[Event "Tourn. n8521"]
[Site "www.chess-mail.com"]
[Date "2015.12.25"]
[Round "1"]
[White "Estonia"]
[Black "Tonino1"]
[WhiteElo "1950"]
[BlackElo "1990"]
[Result "0-1"]
[Round "1"]
1.Ng1f3 c5
2.g3 d5
3.Bf1g2 Nb8c6
4.O-O e5
5.d3 f6
6.Nb1c3 Bc8e6
7.e4 d4
8.Nc3b5 a6
9.Nb5a3 b5
10.c4 b4
11.Na3c2 g6
12.b3 Bf8h6
13.a3 Bh6xc1
14.Qd1xc1 a5
15.axb4 axb4
16.Qc1b2 Ng8e7
17.Ra1xa8 Qd8xa8
18.Rf1a1 Qa8b7
19.Ra1a4 O-O
20.Qb2a2 Rf8b8
21.h4 Ne7c8
22.Kh2 Nc8b6
23.Ra4a6 Be6c8
24.Ra6a5 Nc6xa5
25.Qa2xa5 Qb7c6
26.Qa5a1 Rb8a8
27.Qa1c1 Ra8a2
28.Bg2h3 Bc8xh3
29.Kxh3 Qc6e6
30.Kg2 Qe6g4
31.Qc1b1 Ra2a7
32.Nc2e1 Nb6d7
33.Qb1b2 f5
34.exf5 gxf5
35.Qb2d2 f4
36.Kh2 Ra7a1
37.Qd2b2 Ra1a6
38.Nf3g5 Nd7f6
39.Ng5e4 Nf6xe4
40.dxe4 fxg3
41.fxg3 Qg4xe4
42.Ne1g2 Ra6f6
43.Qb2a2 d3
{ resign }
0-1

[Event "Tourn. n8521"]
[Site "www.chess-mail.com"]
[Date "2015.12.25"]
[Round "1"]
[White "Skarr"]
[Black "Alvarin111"]
[WhiteElo "1809"]
[BlackElo "1980"]
[Result "0-1"]
[Round "1"]
1.e4 c5
2.Ng1f3 d6
3.d4 Nb8c6
4.d5 Nc6b8
5.Nb1c3 e6
6.Bf1e2 h6
7.O-O Ng8f6
8.Be2b5 Bc8d7
{ resign }
0-1

[Event "Tourn. n8440"]
[Site "www.chess-mail.com"]
[Date "2015.12.25"]
[Round "1"]
[White "Huw"]
[Black "Naujzaid"]
[WhiteElo "2040"]
[BlackElo "1900"]
[Result "1-0"]
[Round "1"]
1.d4 d5
2.c4 e6
3.Ng1f3 Ng8f6
4.Nb1c3 Bf8e7
5.Bc1f4 O-O
6.e3 c6
7.Qd1c2 Nb8d7
8.h3 dxc4
9.Bf1xc4 b5
10.Bc4d3 a6
11.O-O Bc8b7
12.Rf1d1 Ra8c8
13.Nf3g5 h6
14.Ng5e4 Nf6xe4
15.Nc3xe4 c5
16.Ne4xc5 Be7xc5
17.dxc5 Rc8xc5
18.Qc2b1 Rc5c8
19.a4 b4
20.Bf4d6 Rf8e8
21.Bd6xb4 Qd8c7
22.Ra1a3 Nd7f6
23.Ra3c3 Qc7b6
24.Bb4d6 Rc8xc3
25.bxc3 Qb6c6
26.f3 Re8d8
27.Bd6e7 Rd8b8
28.Be7xf6 gxf6
29.Qb1b4 f5
30.Qb4d4 Rb8c8
31.Qd4f6 Qc6xc3
32.Qf6xh6 Qc3b3
33.Qh6g5 Kh8
34.Bd3e2 Qb3xa4
35.Rd1d4 Qa4a1
36.Kh2 f4
37.Rd4xf4 Qa1g7
38.Rf4h4 Kg8
39.Qg5e7 { resign }
1-0

[Event "Match"]
[Site "www.echecsemail.com"]
[Date "2015.12.25"]
[Round "1"]
[White "Goofy"]
[Black "Darknight"]
[WhiteElo "2190"]
[BlackElo "1650"]
[Result "1-0"]
[Round "1"]
1.e4 e5
2.Ng1f3 d6
3.d4 exd4
4.Nf3xd4 c5
5.Bf1b5 Bc8d7
6.Bb5xd7 Nb8xd7
7.Nd4f5 Nd7f6
8.Nb1c3 h6
9.Bc1f4 g6
10.Nf5xd6 Bf8xd6
11.Qd1xd6 Qd8xd6
12.Bf4xd6 a6
13.Bd6xc5 Nf6d7
14.Bc5d4 f6
15.f4 Rh8h7
16.O-O-O Ng8e7
17.Rh1e1 Ra8c8
18.Nc3d5 Ne7xd5
19.exd5 Kd8
20.Re1e6 Rh7f7
21.b3 Kc7
22.Rd1e1 h5
23.Re1e3 Kb8
24.Re6e7 Rf7xe7
25.Re3xe7 Rc8d8
26.c4 b6
27.Re7e6 a5
28.Bd4xf6 Nd7xf6
29.Re6xf6 Kc7
30.Rf6xg6 Rd8f8
31.g3 Rf8h8
32.h3 h4
33.g4 Rh8e8
34.Rg6e6 Kd7
35.Re6xe8 Kxe8
36.f5 Ke7
37.g5 Kf7
38.f6 Kg6
39.d6 Kxg5
40.f7 Kf4
41.f8Q Kg3
42.Qf8f5 { resign }
1-0

[Event "Match"]
[Site "www.echecsemail.com"]
[Date "2015.12.25"]
[Round "1"]
[White "Chtoubidou"]
[Black "Llord"]
[WhiteElo "1890"]
[BlackElo "1860"]
[Result "0-1"]
[Round "1"]
1.e4 e5
2.Ng1f3 Nb8c6
3.Bf1b5 Bf8d6
4.Nb1c3 Ng8f6
5.d3 a6
6.Bb5xc6 dxc6
7.O-O O-O
8.Rf1e1 Bc8g4
9.h3 Bg4h5
10.Bc1g5 h6
11.Bg5h4 Rf8e8
12.g4 Bh5g6
13.Nc3e2 Re8e6
14.Ne2g3 Qd8e8
15.Ng3f5 Ra8d8
16.Qd1d2 Rd8d7
17.g5 hxg5
18.Nf3xg5 Bg6xf5
19.Ng5xe6 Qe8xe6
20.Bh4xf6 Bf5xh3
21.Qd2g5 Qe6xf6
22.Qg5xf6 gxf6
23.Kh2 Bh3e6
24.Re1g1 Kf8
25.Rg1g2 f5
26.f3 fxe4
27.fxe4 f5
28.exf5 Be6xf5
29.Ra1f1 Rd7f7
30.Rg2f2 e4
31.Kh1 Ke8
32.dxe4 Bf5xe4
33.Kg1 Rf7g7
{ resign }
0-1

[Event "Match"]
[Site "www.echecsemail.com"]
[Date "2015.12.25"]
[Round "1"]
[White "Szustan"]
[Black "Manolinex"]
[WhiteElo "2710"]
[BlackElo "2870"]
[Result "1/2-1/2"]
[Round "1"]
1.e4 c5
2.c3 d5
3.e5 Nb8c6
4.d4 cxd4
5.cxd4 Bc8f5
6.Ng1f3 e6
7.Bf1e2 Bf8b4
8.Nb1c3 Ng8e7
9.O-O O-O
10.a3 Bb4xc3
11.bxc3 Ra8c8
12.Nf3h4 Nc6a5
13.Bc1g5 Qd8d7
14.Bg5xe7 Qd7xe7
15.Nh4xf5 exf5
16.Qd1c2 g6
17.Rf1c1 Rc8c6
18.Qc2a2 Rf8d8
19.Be2f3 Na5c4
20.Rc1b1 Nc4b6
21.Rb1c1 Qe7c7
22.Qa2c2 Rd8c8
23.a4 Rc6xc3
24.Qc2xc3 Qc7xc3
25.Rc1xc3 Rc8xc3
26.a5 Nb6c4
27.Bf3xd5 Nc4xa5
28.f4 b6
29.Kf2 Kf8
30.Ke2 Ke7
31.Kd2 Rc3c7
32.Ra1a4 f6
{ draw }
1/2-1/2

[Event "Match"]
[Site "www.echecsemail.com"]
[Date "2015.12.25"]
[Round "1"]
[White "Lino"]
[Black "Ditto"]
[WhiteElo "1799"]
[BlackElo "1840"]
[Result "1-0"]
[Round "1"]
1.e4 e5
2.Ng1f3 Nb8c6
3.Bf1b5 Bf8c5
4.c3 Ng8e7
5.O-O d6
6.d4 exd4
7.cxd4 Bc5b6
8.d5 a6
9.Bb5a4 Bc8g4
10.dxc6 bxc6
11.h3 Bg4h5
12.Bc1f4 O-O
13.Nb1d2 c5
14.Nd2c4 Bb6a7
15.Qd1d3 Ra8b8
16.Bf4d2 Bh5g6
17.Nf3h4 Bg6h5
18.g4 Bh5g6
19.Nh4f5 Bg6xf5
20.exf5 f6
21.Rf1e1 d5
22.Re1xe7 Qd8xe7
23.Qd3xd5 Kh8
24.Ra1e1 Qe7d8
25.Ba4d7 Rb8a8
26.Nc4a5 Ba7b6
27.Na5c6 a5
28.Nc6xd8 Ra8xd8
29.Bd2c3 h6
30.Re1e7 Rf8g8
31.Bc3xf6 gxf6
32.Qd5f7 { resign }
1-0

[Event "Match"]
[Site "www.echecsemail.com"]
[Date "2015.12.25"]
[Round "1"]
[White "Pablincho"]
[Black "Mrjuarezches"]
[WhiteElo "1870"]
[BlackElo "1199"]
[Result "1-0"]
[Round "1"]
1.e4 e5
2.Ng1f3 Bf8d6
3.Bf1c4 Nb8c6
4.O-O Qd8f6
5.Nb1c3 Nc6d4
6.d3 b6
7.Nf3g5 Ng8e7
8.Ng5xf7 Rh8f8
9.Nf7xd6 cxd6
10.Nc3d5 Ne7xd5
11.Bc4xd5 Ra8b8
12.c3 Nd4b5
13.Qd1h5 g6
14.Qh5g4  { time }
1-0

[Event "1/128 Finale"]
[Site "www.chess-mail.com"]
[Date "2015.12.25"]
[Round "1"]
[White "Ffdd65"]
[Black "Yangqi"]
[WhiteElo "2190"]
[BlackElo "2610"]
[Result "0-1"]
[Round "1"]
1.Ng1f3 Ng8f6
2.e3 g6
3.d4 Bf8g7
4.Bf1d3 O-O
5.e4 d5
6.e5 Nf6d7
7.O-O c5
8.c3 Nb8c6
9.Rf1e1 Qd8b6
10.Qd1b3 cxd4
11.Qb3xb6 Nd7xb6
12.cxd4 Bc8g4
13.Nb1d2 f6
14.h3 Bg4xf3
15.Nd2xf3 fxe5
16.dxe5 Nb6d7
17.e6 Nd7c5
18.Bd3c2 Nc6b4
19.Bc2d1 Ra8c8
20.a3 Nb4d3
21.Re1e2 Nc5b3
22.Bd1xb3 Nd3xc1
23.Re2e3 Bg7h6
24.Bb3xd5 Bh6xe3
25.fxe3 Nc1e2
26.Kh2 Rc8c2
27.b3 b6
28.Bd5c4 b5
29.Bc4d3 Rc2b2
30.Bd3xb5 Rf8xf3
31.gxf3 Ne2c3
32.Kg3 Nc3xb5
33.b4 Rb2b3
34.a4 Nb5d6
35.e4 Nd6xe4
36.Kf4 Ne4d2
37.Ra1d1 Rb3xb4
38.Kg5 Nd2xf3
{ resign }
0-1

[Event "Eq:Los Tercios-SIETE ESTRELLAS VERDES : "]
[Site "www.chess-mail.com"]
[Date "2015.12.25"]
[Round "1"]
[White "Shihchuliao"]
[Black "Susov"]
[WhiteElo "2050"]
[BlackElo "1850"]
[Result "1-0"]
[Round "1"]
1.d4 d5
2.Nb1c3 Ng8f6
3.h3 Nb8c6
4.Bc1f4 a6
5.Ng1f3 Bc8f5
6.e3 h6
7.g4 Bf5h7
8.Bf1d3 e6
9.a3 Bf8d6
10.Bf4e5 Qd8e7
11.Bd3xh7 Rh8xh7
12.Qd1d3 Rh7h8
13.h4 O-O-O
14.Rh1g1 Bd6xe5
15.Nf3xe5 Nc6xe5
16.dxe5 Nf6d7
17.O-O-O Nd7xe5
18.Qd3e2 Ne5c4
19.Nc3b1 Qe7xh4
20.b3 Nc4d6
21.a4 Nd6e4
22.Rg1f1 Qh4f6
23.Rd1d4 c5
24.Rd4d3 h5
25.gxh5 Rh8xh5
26.Qe2xh5 Ne4g3
27.fxg3 Qf6xf1
28.Qh5d1 Qf1g2
29.Qd1e1 f5
30.Nb1d2 Rd8h8
31.Nd2f1 Rh8h1
32.Rd3d1 g5
33.Qe1d2 Qg2f3
34.Qd2d3 d4
35.exd4 Qf3xd3
36.cxd3 cxd4
37.Nf1d2 Rh1h3
38.Nd2f1 Kd7
39.Kd2 Kd6
40.b4 e5
41.Ke2 Rh3h8
42.Rd1c1 b6
43.Kf2 g4
44.Kg2 e4
45.dxe4 fxe4
46.Rc1d1 Kd5
47.Nf1e3 Ke5
48.Ne3xg4 Kd5
49.Ng4e3 Ke5
50.Ne3c4 Ke6
51.Rd1xd4 b5
52.axb5 axb5
53.Nc4d2 e3
54.Rd4e4 Kd5
55.Re4xe3 Kd4
56.Re3f3 Rh8a8
57.Rf3f4 Kc3
58.Nd2f1 Ra8a2
59.Kh3 Kd3
60.g4 Ra2a6
61.Nf1g3 Ke3
62.Rf4f5 Kd3
63.Rf5xb5 Kc4
64.Rb5b8 Ra6h6
65.Ng3h5 Rh6h7
66.Kh4 { resign }
1-0

[Event "Eq:Los Tercios-SIETE ESTRELLAS VERDES : "]
[Site "www.chess-mail.com"]
[Date "2015.12.25"]
[Round "1"]
[White "Susov"]
[Black "Shihchuliao"]
[WhiteElo "1850"]
[BlackElo "2050"]
[Result "1/2-1/2"]
[Round "1"]
1.e4 e5
2.Ng1f3 d6
3.Nb1c3 Ng8f6
4.Bf1c4 h6
5.d4 exd4
6.Nf3xd4 a6
7.a3 b5
8.Bc4a2 Bc8b7
9.O-O Nf6xe4
10.Rf1e1 d5
11.f3 Bf8e7
12.fxe4 dxe4
13.Nd4f5 Be7c5
14.Bc1e3 Bc5xe3
15.Nf5xe3 Qd8xd1
16.Ra1xd1 O-O
17.Ne3f5 Rf8e8
18.Re1f1 Kh8
19.Ba2xf7 Re8e5
20.Rd1d8 Kh7
21.Nf5h4 h5
22.Bf7g6 Kh6
23.Rd8h8 Kg5
24.Rh8xh5 Kg4
25.Rh5xe5 Nb8d7
26.h3 Kxh4
27.Kh2 Nd7xe5
28.g3 Kg5
29.Bg6xe4 Bb7xe4
30.Nc3xe4 Kg6
31.Ne4c5 a5
32.Nc5e6 c6
33.Ne6c5 a4
34.Nc5e6 Ra8e8
35.Ne6f4 Kh7
36.Kg2 Ne5c4
37.Nf4d3 Re8e2
38.Rf1f2 Nc4e3
39.Kf3 Re2xf2
40.Kxf2 Ne3xc2
41.Kf3 Nc2d4
42.Ke4 Nd4e2
43.g4 g5
44.Nd3f2 Ne2c1
45.Kd4 Nc1b3
46.Kc3 Kg6
47.Nf2d3 Kf6
48.Nd3b4 Ke5
49.Nb4xc6 Kf4
50.Kb4 Kg3
51.Kxb5 Kxh3
52.Nc6e5 Kg3
53.Kxa4 Nb3c5
54.Kb4 Nc5a6
55.Kb5 Na6c7
56.Kb6 Nc7d5
57.Kc5 Nd5c7
58.b4 Kf4
59.Kd6 Nc7b5
60.Kc5 Nb5xa3
61.Ne5g6 Kxg4
62.b5 Na3xb5
63.Kxb5 Kh5
64.Ng6e5 g4
65.Ne5xg4 Kxg4
66.Kc4 { draw }
1/2-1/2

[Event "Fast Game"]
[Site "www.echecsemail.com"]
[Date "2015.12.25"]
[Round "1"]
[White "Hennie4820"]
[Black "Fkarpov"]
[WhiteElo "1700"]
[BlackElo "1900"]
[Result "1-0"]
[Round "1"]
1.e4 e5
2.Ng1f3 Ng8f6
3.Nf3xe5 Qd8e7
4.Ne5f3 Qe7xe4
5.Bf1e2 Bf8e7
6.O-O O-O
7.d4 d6
8.Nb1c3 Qe4g6
9.Nf3h4 { resign }
1-0

[Event "Tourn. n8498"]
[Site "www.chess-mail.com"]
[Date "2015.12.26"]
[Round "1"]
[White "Luban"]
[Black "Bojan"]
[WhiteElo "2020"]
[BlackElo "2020"]
[Result "1-0"]
[Round "1"]
1.d4 g6
2.c4 d5
3.e3 e6
4.a3 c5
5.Ng1f3 Qd8b6
6.Nb1c3 cxd4
7.Qd1xd4 Qb6xd4
8.exd4 dxc4
9.Bf1xc4 Nb8c6
10.Bc1e3 Bf8g7
11.O-O Ng8e7
12.Ra1d1 Ne7f5
13.Rf1e1 O-O
14.Nc3e4 Nf5xe3
15.fxe3 Nc6a5
16.Bc4a2 b6
17.Ne4d6 Bc8a6
18.Nf3g5 Ba6c8
19.Nd6xc8 Ra8xc8
20.Ng5xe6 Rf8e8
21.Ne6g5 Re8e7
22.Kf2 h6
23.Ng5f3 Re7c7
24.Rd1d2 Na5c4
25.Rd2c2 Nc4d6
26.Rc2xc7 Rc8xc7
27.Re1e2 Nd6e4
28.Kf1 Rc7c1
29.Re2e1 Rc1c6
30.Ba2d5 Rc6c7
31.Bd5xe4 f5
32.Be4d3 Kf8
33.Ke2 Ke7
34.Kd2 Kd6
35.Re1c1 Rc7e7
36.Bd3b5 h5
37.Rc1c6 Kd5
38.Rc6xg6 Re7c7
39.Rg6g5 Ke4
40.Rg5xh5 Rc7f7
41.Bb5c6 { resign }
1-0

[Event "Tourn. n8487"]
[Site "www.chess-mail.com"]
[Date "2015.12.26"]
[Round "1"]
[White "Jhw"]
[Black "Lyko"]
[WhiteElo "1960"]
[BlackElo "1879"]
[Result "0-1"]
[Round "1"]
1.c4 e6
2.e4 d5
3.Bf1d3 Bf8c5
4.e5 Qd8g5
5.g3 Qg5xe5
6.Ng1e2 Qe5f6
7.O-O Ng8h6
8.cxd5 Nh6g4
9.Ne2f4 e5
10.Nf4h3 Ng4h6
11.Bd3b5 c6
12.dxc6 bxc6
13.Bb5c4 Bc8xh3
14.Rf1e1 Qf6xf2
{ resign }
0-1

[Event "Tourn. n8489"]
[Site "www.chess-mail.com"]
[Date "2015.12.26"]
[Round "1"]
[White "Osopanda"]
[Black "Jaroslavpech"]
[WhiteElo "1810"]
[BlackElo "2020"]
[Result "1-0"]
[Round "1"]
1.c4 e5
2.Nb1c3 Nb8c6
3.Ng1f3 f5
4.d3 Ng8f6
5.g3 g6
6.Bf1g2 Bf8g7
7.e4 d6
8.O-O O-O
9.Rf1e1 f4
10.Nc3d5 Bc8g4
11.Qd1a4 Nf6d7
12.h3 Bg4xf3
{ time. }
1-0

[Event "Tourn. n8425"]
[Site "www.chess-mail.com"]
[Date "2015.12.26"]
[Round "1"]
[White "Tartan"]
[Black "Cathar"]
[WhiteElo "2450"]
[BlackElo "2260"]
[Result "1/2-1/2"]
[Round "1"]
1.d4 Ng8f6
2.c4 e6
3.Nb1c3 Bf8b4
4.Qd1c2 Nb8c6
5.Ng1f3 d6
6.a3 Bb4xc3
7.Qc2xc3 a5
8.b3 O-O
9.Bc1b2 Rf8e8
10.e3 e5
11.d5 Nc6e7
12.Bf1d3 Bc8f5
13.Bd3xf5 Ne7xf5
14.O-O c6
15.e4 Nf5e7
16.dxc6 Ne7xc6
17.Rf1e1 Qd8b6
18.Ra1d1 Ra8d8
19.h3 h6
20.Qc3e3 Qb6xe3
21.Re1xe3 Kf8
22.Bb2c3 Ke7
23.Re3e2 Nf6d7
24.b4 axb4
25.axb4 b5
26.Nf3h4 g6
27.cxb5 Nc6a7
28.b6 Nd7xb6
29.Re2a2 Na7b5
30.Bc3d2 Rd8a8
31.Ra2xa8 Re8xa8
32.Bd2xh6 Ra8a4
33.Bh6d2 Nb6c4
34.Bd2e1 Nb5d4
35.Nh4f3 Nd4c2
36.Rd1c1 Nc2xe1
37.Rc1xc4 { draw }
1/2-1/2

[Event "Tourn. n8493"]
[Site "www.chess-mail.com"]
[Date "2015.12.26"]
[Round "1"]
[White "Genius7"]
[Black "Francesco"]
[WhiteElo "1950"]
[BlackElo "1930"]
[Result "1/2-1/2"]
[Round "1"]
1.d4 Ng8f6
2.c4 g6
3.Nb1c3 Bf8g7
4.e4 d6
5.h3 O-O
6.Bc1e3 Nb8d7
7.Ng1f3 b6
8.Bf1e2 Bc8b7
9.Qd1c2 e6
10.O-O Rf8e8
11.b4 Ra8c8
12.a4 c5
13.dxc5 dxc5
14.b5 Qd8c7
15.Rf1d1 Rc8d8
16.Rd1d2 Nd7e5
17.Ra1d1 Rd8xd2
18.Rd1xd2 Re8d8
{ draw }
1/2-1/2

[Event "Tourn. n8499"]
[Site "www.chess-mail.com"]
[Date "2015.12.26"]
[Round "1"]
[White "Maredocla"]
[Black "Pimax"]
[WhiteElo "2080"]
[BlackElo "2240"]
[Result "0-1"]
[Round "1"]
1.g3 Ng8f6
2.Bf1g2 e5
3.b3 Bf8c5
4.Bc1b2 O-O
5.e3 d6
6.h3 Nb8c6
7.Ng1f3 Bc8d7
8.O-O Rf8e8
9.d3 d5
10.Nb1d2 Qd8c8
11.Kh2 Bc5d6
12.c4 Nc6b4
13.Qd1e2 d4
14.e4 a5
15.Nd2b1 a4
16.a3 Nb4a6
17.b4 b6
18.Nb1d2 c6
19.Ra1c1 Bd6c7
20.Nf3h4 b5
21.c5 Ra8b8
22.Rc1b1 Bd7e6
23.Rf1e1 Qc8d7
24.Nd2f3 h6
25.Nf3g1 Nf6h7
26.Bb2c1 Rb8d8
27.Bc1d2 Re8f8
28.Qe2d1 Na6b8
29.Qd1c1 Qd7c8
30.Re1f1 Rf8e8
31.g4 Nh7f6
32.g5 hxg5
33.Bd2xg5 Nb8d7
34.Ng1f3 Kh8
35.Nh4f5 Be6xf5
36.exf5 e4
37.Kh1 exf3
38.Bg2xf3 Bc7e5
39.Rf1g1 Re8g8
40.h4 Nd7f8
41.Qc1e1 Qc8xf5
42.Bf3g2 Nf8e6
43.Qe1e2 Ne6xg5
44.hxg5 Qf5h7
{ resign }
0-1

[Event "Match"]
[Site "www.echecsemail.com"]
[Date "2015.12.26"]
[Round "1"]
[White "Jhw"]
[Black "Mdesouza"]
[WhiteElo "2030"]
[BlackElo "2170"]
[Result "0-1"]
[Round "1"]
1.b4 Ng8f6
2.c4 g6
3.d4 Bf8g7
4.Nb1c3 d6
5.e4 c5
6.b5 Nf6xe4
7.Nc3xe4 Bg7xd4
8.Ra1b1 Qd8a5
9.Bc1d2 Qa5xa2
10.Bd2h6 Bc8f5
11.Bf1d3 Bf5xe4
12.Bd3xe4 Qa2xf2
{ resign }
0-1

[Event "Match"]
[Site "www.echecsemail.com"]
[Date "2015.12.26"]
[Round "1"]
[White "Pinehill"]
[Black "Irene"]
[WhiteElo "2070"]
[BlackElo "2060"]
[Result "1-0"]
[Round "1"]
1.d4 d5
2.c4 Ng8f6
3.Nb1c3 dxc4
4.Ng1f3 Nb8c6
5.e4 Bc8g4
6.Bf1xc4 Bg4xf3
7.gxf3 Qd8xd4
8.Qd1e2 Nc6e5
9.Bc4b3 Ne5d3
10.Kf1 e6
11.Bc1e3 Qd4d6
12.Ra1d1 Nd3f4
13.Qe2b5 c6
14.Qb5xb7 Ra8b8
15.Rd1xd6 Rb8xb7
16.Rd6xc6 Nf4d3
17.Nc3a4 Bf8b4
18.Rc6c8 Kd7
19.Rc8xh8 Rb7c7
20.Rh8b8 Rc7c1
21.Be3xc1 Nd3xc1
22.Rb8xb4 { resign }
1-0

[Event "Eq:La Taverne-Good team : "]
[Site "www.chess-mail.com"]
[Date "2015.12.26"]
[Round "1"]
[White "Rons"]
[Black "Guidom"]
[WhiteElo "2600"]
[BlackElo "2050"]
[Result "1-0"]
[Round "1"]
1.e4 e5
2.Ng1f3 Nb8c6
3.Bf1b5 a6
4.Bb5a4 Ng8f6
5.O-O d6
6.Rf1e1 Bc8g4
7.c3 Bf8e7
8.h3 Bg4h5
9.d3 O-O
10.Nb1d2 Qd8c8
11.Nd2f1 h6
12.Nf1g3 Bh5g6
13.Nf3h4 Kh7
14.d4 Rf8d8
15.d5 Nc6b8
16.Ba4c2 Nb8d7
17.Bc1e3 b6
18.a4 Nd7c5
19.b4 Nc5d7
20.a5 b5
21.Ra1c1 Nd7f8
22.Nh4f5 Qc8d7
23.c4 Nf6g8
24.cxb5 Qd7xb5
25.Bc2a4 Qb5xb4
26.Be3d2 Qb4b8
27.Ba4c6 Ra8a7
28.Rc1b1 Qb8c8
29.Bd2e3 Ra7a8
30.Bc6b7 Qc8b8
31.Qd1c2 Ra8a7
32.Bb7c6 Qb8c8
33.Be3xa7 { resign }
1-0

[Event "Fast Game"]
[Site "www.echecsemail.com"]
[Date "2015.12.26"]
[Round "1"]
[White "Ranjachess"]
[Black "Pellix84"]
[WhiteElo "1639"]
[BlackElo "1630"]
[Result "1-0"]
[Round "1"]
1.d4 Ng8f6
2.Nb1c3 e6
3.a3 d5
4.Bc1g5 Nb8d7
5.Qd1d3 a6
6.e4 h6
7.Bg5xf6 Nd7xf6
8.e5 Nf6d7
9.f4 c5
10.O-O-O c4
11.Qd3h3 b5
12.Nc3a2 a5
13.f5 Nd7b6
14.b3 b4
15.a4 Qd8c7
16.g4 Bc8d7
17.Kd2 Ra8c8
18.Rd1c1 cxb3
19.cxb3 Qc7b7
20.Bf1b5 Rc8xc1
21.Na2xc1 Bd7xb5
22.axb5 Nb6c8
23.fxe6 fxe6
24.g5 Kd7
25.Qh3h5 Nc8e7
26.Nc1d3 Ne7f5
27.Nd3c5 Bf8xc5
28.dxc5 Qb7xb5
29.Qh5f7 Nf5e7
30.Qf7xg7 Rh8g8
31.Qg7xh6 Qb5xc5
32.Ng1e2 Qc5f2
33.Rh1c1 Qf2g2
34.h4 Qg2h3
35.Qh6h7 Qh3xb3
36.Rc1c7 Kxc7
37.Qh7xe7 Kb8
38.Qe7xe6 Qb3a2
39.Ke3 d4
40.Ne2xd4 Qa2xe6
41.Nd4xe6 b3
42.Kd2 Rg8c8
43.g6 b2
44.g7 b1Q
45.Ke3  { time }
1-0